<The> Impact of Innovation Activities on Enterprise Performance in Business Transformation

Enregistré dans:
Détails bibliographiques
Auteur principal: Kicová, Marianna
Format: Chapitre de livre
Langue:anglais
Tags: Ajouter un tag
Pas de tags, Soyez le premier à ajouter un tag!

MARC

LEADER 00000nla a2200000 4500
001 0243735
005 20240502083652.6
041 0 |a eng 
044 |a RS 
245 1 0 |a <The> Impact of Innovation Activities on Enterprise Performance in Business Transformation  |c Marianna Kicová 
500 |a Abstrakt 
100 1 |a Kicová, Marianna